00766cam a2200169 a 4500020001800000020001500018040000800033082002600041245006900067260007700136300004800213500018200261650003200443650003100475650002900506710006100535 a9789251071342 a9251071349 cUAT a630 FOO 2012 A052 Or.00aConservation and sustainable use under the International Treaty. aRome :bFood and Agricultural Organization of the United Nations,c2012. axi, 154 p. :bcol. ill., col. map ;c30 cm. a"This is the second educational module in a series of training materials for the implementation of the International Treaty on Plant Genetic Resources for Food and Agriculture." 0aGermplasm resources, Plant. 0aAgricultural conservation. 0aSustainable agriculture.2 aFood and Agriculture Organization of the United Nations.